Discursos leídos en la sesión inaugural del año académico de 1886-1887 en la Sociedad Española de Higiene, celebrada el día 27 de noviembre de 1886 / (Record no. 53665)

MARC details
000 -LEADER
campo de control de longitud fija 00888nam a2200205 i 4500
001 - NÚMERO DE CONTROL
campo de control 53665
003 - IDENTIFICADOR DE NÚMERO DE CONTROL
campo de control ES-MaACL
005 - FECHA Y HORA DE LA ÚLTIMA TRANSACCIÓN
campo de control 20250929063119.0
007 - CAMPO FIJO DE DESCRIPCIÓN FÍSICA--INFORMACIÓN GENERAL
campo de control de longitud fija t|
008 - DATOS DE LONGITUD FIJA--INFORMACIÓN GENERAL
campo de control de longitud fija 031107s1886 sp ||||1| spa d
100 0# - ENTRADA PRINCIPAL--NOMBRE DE PERSONA
Nombre de persona Parada y Santín, José,
Fechas asociadas al nombre 1857-1923
9 (RLIN) 88911
245 10 - MENCIÓN DEL TÍTULO
Título Discursos leídos en la sesión inaugural del año académico de 1886-1887 en la Sociedad Española de Higiene, celebrada el día 27 de noviembre de 1886 /
Mención de responsabilidad, etc. por José Parada y Santín [Actividades de la Sociedad] y Angel Fernández Caro [Deberes de la Sociedad ante los intereses de la higiene].
260 ## - PUBLICACIÓN, DISTRIBUCIÓN, ETC.
Lugar de publicación, distribución, etc. Madrid :
Nombre del editor, distribuidor, etc. [s.n.],
Fecha de publicación, distribución, etc. 1886 (
Fabricante Imprenta de Enrique Teodoro)
300 ## - DESCRIPCIÓN FÍSICA
Extensión 23, 43 p. ;
Dimensiones 23 cm.
700 1# - ENTRADA AGREGADA--NOMBRE PERSONAL
Nombre de persona Fernández Caro, Ángel.
9 (RLIN) 49551
710 2# - ENTRADA AGREGADA--NOMBRE DE ENTIDAD CORPORATIVA
Nombre de entidad corporativa o nombre de jurisdicción como elemento de entrada Sociedad Española de Higiene.
9 (RLIN) 6725
852 ## - LOCALIZACIÓN
Ubicación ES-MaACL
Número de control de estantería T-686-F-9
852 ## - LOCALIZACIÓN
Ubicación ES-MaACL
Número de control de estantería T-468-F-14
Holdings
Estatus retirado Estado de pérdida Estado de daño No para préstamo Colección Biblioteca de origen Biblioteca actual Ubicación en estantería Fecha de adquisición Fuente de adquisición Total de préstamos Signatura topográfica completa Código de barras Visto por última vez Precio de reemplazo Tipo de ítem Koha
        Colección de folletos Biblioteca del Ateneo de Madrid Biblioteca del Ateneo de Madrid Depósito folletos 17/01/2008     T-468-F-14 1056391 23/02/2023 23/02/2023 Folleto
        Colección de folletos Biblioteca del Ateneo de Madrid Biblioteca del Ateneo de Madrid Depósito folletos 17/01/2008     T-686-F-9 1056390 23/02/2023 23/02/2023 Folleto